Superhero Debuts Quiz Stats

 Plays Quiz Updated Apr 1, 2013

Score 0/20 Timer 06:00
1 Play Today
Comic Hero % Correct
Action Comics #1Superman
97%
Detective Comics #27Batman
88.9%
Detective Comics #38Robin
38.6%
Amazing Fantasy #15Spider-Man
38.6%
Fantastic Four #48Silver Surfer
28.6%
The Incredible Hulk #181Wolverine
27.3%
All Star Comics #8Wonder Woman
20.2%
Whiz Comics #2Captain Marvel
20%
Tales of Suspense #39Iron Man
19.2%
All-American Comics #16Green Lantern
18.5%
Comic Hero % Correct
Journey into Mystery #83Thor
18.3%
Tomb of Dracula #10Blade
17%
X-Men #266Gambit
16%
Amazing Spider-Man #129The Punisher
15.3%
More Fun Comics #73Aquaman
9.2%
Adventures of Superman #500John Henry Irons
8.3%
Police Comics #1Plastic Man
6.8%
House of Secrets #92Swamp Thing
6.3%
Detective Comics #225Martian Manhunter
6.3%
Marvel Spotlight #5Ghost Rider
5.4%

You're not logged in!

Compare scores with friends on all Sporcle quizzes.
OR
Log In

Sporcle TV

Today on Sporcle TV


Watch our educational content, quiz creation guides, and fun videos on Sporcle TV.

Show Comments

Extras

Top Quizzes Today


Score Distribution

Your Account Isn't Verified!

In order to create a playlist on Sporcle, you need to verify the email address you used during registration. Go to your Sporcle Settings to finish the process.

Report this User

Report this user for behavior that violates our Community Guidelines.

Details: